000 00534nam a2200193Ia 4500
005 20250508161753.0
008 008 250505s9999 xx 000 0 eng d
037 _aTextual
040 _aFEDL
_beng
_cFEDL
041 _aeng
_2eng
084 _a158.3, PIE
_qFEDL
100 _aPierson George W.
245 0 _aMoving American
260 _aBombay, India
_bAllied Publishers Private Limited
_c1972
300 _axii,290p.
650 _aApplied Psychology
942 _cTEXL
_h158.3, PIE
999 _c1372081
_d1372081